New Global Cities in Latin America and Asia : Welcome to the Twenty-First Century.

Bibliographic Details
Main Author: Baisotti, Pablo.
Format: eBook
Language:English
Published: Ann Arbor : University of Michigan Press, 2022.
Edition:1st ed.
Subjects:
Online Access:Click to View
LEADER 03052nam a22003733i 4500
001 EBC6939851
003 MiAaPQ
005 20231204023222.0
006 m o d |
007 cr cnu||||||||
008 231204s2022 xx o ||||0 eng d
020 |a 9780472902743  |q (electronic bk.) 
020 |z 9780472075232 
035 |a (MiAaPQ)EBC6939851 
035 |a (Au-PeEL)EBL6939851 
035 |a (OCoLC)1291715499 
040 |a MiAaPQ  |b eng  |e rda  |e pn  |c MiAaPQ  |d MiAaPQ 
082 0 |a 307.76095 
100 1 |a Baisotti, Pablo. 
245 1 0 |a New Global Cities in Latin America and Asia :  |b Welcome to the Twenty-First Century. 
250 |a 1st ed. 
264 1 |a Ann Arbor :  |b University of Michigan Press,  |c 2022. 
264 4 |c ©2022. 
300 |a 1 online resource (365 pages) 
336 |a text  |b txt  |2 rdacontent 
337 |a computer  |b c  |2 rdamedia 
338 |a online resource  |b cr  |2 rdacarrier 
505 0 |a Intro -- Contents -- Introduction -- Part I. Asia: Center of Growth and Globalism -- 1. Chinese Cities from the Ground to the Sky: Building Suzhou as a Global City beyond Tradition | Raffaele Pernice -- 2. The Urban Geographies of a Small Island: A Dialectical Spatial Approach | Hong Gang -- 3. The Rise of Chongqing and Queretaro: The Territorial Dimension of the Divergent Trajectories of Two Emerging Urban Economies in China and Mexico | Miguel Ángel Hidalgo Martínez -- 4. Migration, Expatriation, and Heterosexuality in a Globalized City-Singapore | Liangni Sally Liu -- 5. City-Regions Reconsidered | Allen J. Scott -- Part II. Latin America: Opening, Globalization, and Crisis -- 6. Global Cities in Peripheral Countries: Argentina in the New International Labor Division | Ulises Girolimo and Patricio Feldman -- 7. The Regional Planning, Development, and Governance of Metropolitan Secondary City Clusters: A Case Study of Santiago and the Central Chile Region | Brian Roberts, José Tomás Videla, and Marcela Allué Nualart -- 8. Changes in Consumption in Peru during the Globalization Process | Nadia Nora Urriola Canchari -- 9. Urban Conflict and Transnational Crime in Latin American Cities | John P. Sullivan -- 10. The Emergence of a Global Urban Region: The Urban Corridor Automotive and Aeronautical Industries in the Central-Bajío Region, Mexico | Adrián Moreno Mata -- 11. Economy, Inequalities, and Cities: Chinese Influence in Latin America | Pablo Baisotti -- General Conclusions -- Contributors -- Index. 
588 |a Description based on publisher supplied metadata and other sources. 
590 |a Electronic reproduction. Ann Arbor, Michigan : ProQuest Ebook Central, 2023. Available via World Wide Web. Access may be limited to ProQuest Ebook Central affiliated libraries.  
655 4 |a Electronic books. 
776 0 8 |i Print version:  |a Baisotti, Pablo  |t New Global Cities in Latin America and Asia  |d Ann Arbor : University of Michigan Press,c2022  |z 9780472075232 
797 2 |a ProQuest (Firm) 
856 4 0 |u https://ebookcentral.proquest.com/lib/matrademy/detail.action?docID=6939851  |z Click to View